Statistiques concernant Livres de Morgane Moncomble

Cliquez ici pour prendre le quiz!

Statistiques générales

  • Ce quiz a été pris 431 fois
  • Le résultat moyen est 6 sur 9

Statistiques - réponses

AnnéeTitre% Correct
2021L'as de coeur
95%
2022L'as de pique
93%
2023Un automne pour te pardonner
84%
2020Falling again
70%
2018Aime-moi je te fuis
68%
2017Viens, on s'aime
68%
2019Nos âmes tourmentées
64%
2021En équilibre
51%
2023 (& Lylyblabla)True Colors
38%

Distribution des résultats

Percentile par nombre de réponses

% des personnes avec chaque résultat

Votre développement - résultats

Vous n’avez pas pris ce quiz